| 000 | 00826nam a22002417a 4500 | ||
|---|---|---|---|
| 999 |
_c331143 _d331143 |
||
| 003 | Nust | ||
| 005 | 20170919131720.0 | ||
| 008 | 170116b xxu||||| |||| 00| 0 eng d | ||
| 020 | _a9693504720 (Hbk) | ||
| 040 | _cNust | ||
| 082 |
_a891.4393 _bBUT |
||
| 100 |
_aRazia Butt _91005 |
||
| 245 |
_aPaoun ki zanjeer / _cRazia Butt |
||
| 260 |
_aLahore: _bSang -e- Meel Publication, _c2004 |
||
| 300 | _a296p. | ||
| 500 | _aNovel | ||
| 650 |
_aUrdu Literature-Novel _91164 |
||
| 880 |
_6100-01\(3\r _aرضیہ بٹ |
||
| 880 |
_6245-02\(3\r _aپاؤں کی زنجیر _cرضیہ بٹ |
||
| 880 |
_6260-03\(3\r _aلاہور: _bسنگ میل پبلی کیشنز، _c2004 |
||
| 942 |
_2ddc _cBK |
||